Nomi dei calciatori - Quiz n°38 - Statistics

Statistiche generali
  • Questo quiz è stato fatto 45 volte
  • Il punteggio medio è 9 su 10
Statistiche sulle risposte
Hint Risposta % Corretto
Bale Gareth
97%
Pezzella Giuseppe
97%
Foden Phil
97%
Neuer Manuel
92%
Rrahmani Amir
85%
Terracciano Pietro
85%
Kolo Muani Randal
85%
Bentancur Rodtrigo
85%
De Sanctis Morgan
82%
Bendtner Nicklas
82%
Nessun quiz corrispondente trovato
Distribuzione punteggi
Percentuale di utenti per punteggio
Percentile per numero di risposta
I tuoi punteggi nel tempo
Non hai fatto questo quiz